000 00494nam a2200205Ia 4500
005 20250923144416.0
008 008 250917s9999 xx 000 0 eng d
037 _aTextual
040 _aDSWL
_beng
_cDSWL
041 _aeng
_2eng
084 _aY1:4, H3
_qDSWL
100 _aGillin
_9824599
245 0 _aSocial problems
_cby Gillin
260 _aNewq
_c1943
300 _a528 p.
365 _aUSD
_b4
925 _g4
942 _cTEXL
_hY1:4, H3
999 _c1438487
_d1438487